Pokémon - Flying Type Moves - Sudden Death - Statistics

General Stats
  • This quiz has been taken 116 times
  • The average score is 9 of 24
Answers on the Grid
Answers color-coded by a green-red scale on the quiz's grid according to % correct below.
Peck
Sky Attack
Whirlwind
Gust
Mist
Roost
Acrobatics
Bleakwind Storm
Drill Run
Silver Wind
Defog
Hurricane
Gravity
Dual Wingbeat
Air Cutter
Ominous Wind
Hone Claws
Bounce
Aromatic Mist
Aeroblast
Lunge
Smack Down
Brave Bird
Surging Strikes
Air Slash
Oblivion Wing
Pluck
Tailwind
Ceaseless Edge
Springtide Strom
Aerial Ace
Fly
Mirror Move
Strange Steam
Wing Attack
Feather Dance
Quiver Dance
Beak Blast
Dragon Ascent
Razor Wind
 
Answer Stats
Answer % Correct
Flying Peck
85%
Flying Sky Attack
78%
Flying Roost
52%
Flying Gust
50%
Flying Acrobatics
43%
Flying Fly
41%
Flying Air Slash
37%
Flying Feather Dance
37%
Flying Hurricane
37%
Flying Aerial Ace
35%
Flying Brave Bird
35%
Flying Dual Wingbeat
35%
Flying Wing Attack
35%
Flying Air Cutter
33%
Flying Beak Blast
31%
Flying Tailwind
31%
Flying Aeroblast
30%
Flying Defog
30%
Flying Bleakwind Storm
28%
Flying Pluck
28%
Flying Bounce
26%
Flying Oblivion Wing
22%
Flying Dragon Ascent
19%
Flying Mirror Move
15%
No matching quizzes found
Score Distribution
Percent of People with Each Score
Percentile by Number Answered
Your Score History
You have not taken this quiz